Представление документа в формате MARC21

Поле Инд. ПП Название Значение
Тип записи a
Библиографический уровень b
001 Контрольный номер RU/IS/BASE/264553277
005 Дата корректировки 20200601191508.4
008 Кодируемые данные 19960530
084 a Индекс другой классификации/Индекс ББК 67.910.49(2РОс); 67.400.12
097 00 a 750
100 10 a Автор Талалаев А. Н.
245 10 a Заглавие Конституционный суд и международные договоры России
b Продолж. заглавия (К вопросу о конституционности международных договоров РФ)
650 a Основная рубрика конституционное право (государственное право)
a Основная рубрика международное право
a Основная рубрика международное публичное право
a Основная рубрика право
653 00 a Ключевые слова Конституционный суд
a Ключевые слова международные договоры
a Ключевые слова Россия
773 00 t Заглавие источника Государство и право
d Дата издания источника 1996
g Прочая информация № 3. - С. 118 - 123
w Контрольный № источника RU/IS/BASE/149344837
901 t Тип документа b